Teenage pregnancy problems and solutions
I tiakina i:
| Hōputu: | Pukapuka |
|---|---|
| Reo: | Ingarihi |
| I whakaputaina: |
Jaypee Brothers Medical Publishers
2013
|
| Tags: |
Tāpirihia he Tūtohu
No Tags, Be the first to tag this record!
|
MARC
| LEADER | 00000nam a22000007a 4500 | ||
|---|---|---|---|
| 008 | 230728b |||||||| |||| 00| 0 eng d | ||
| 020 | |a 9789350904459 | ||
| 245 | |a Teenage pregnancy |b problems and solutions |c edited by Dilip Kumar Dutta |g xii,151p;ill | ||
| 250 | |c Dutta, Dilip Kumar | ||
| 260 | |b Jaypee Brothers Medical Publishers |c 2013 |h New Delhi |i 699969 |i 699970 |l HQ759.4.T22 |m Teenage pregnancy |m Teenage mothers | ||
| 500 | |a it includes references and index | ||
| 942 | |a lcc |c BK |e Johnson |f 28/07/23 | ||
| 952 | |0 0 |1 0 |2 lcc |4 0 |6 HQ07594 T22 |7 0 |9 4316 |a SSL |b HOL |c GJ |d 2023-07-28 |l 0 |o HQ759.4.T22 |p 2023-0242 |r 2023-07-28 00:00:00 |t 699969 |w 2023-07-28 |y BK | ||
| 952 | |0 0 |1 0 |2 lcc |4 0 |6 HQ07594 T22 |7 0 |9 4317 |a HOL |b HOL |c GJ |d 2023-07-28 |l 0 |o HQ759.4.T22 |p 2023-0243 |r 2023-07-28 00:00:00 |t 699970 |w 2023-07-28 |y BK | ||
| 999 | |c 2168 |d 2168 | ||